000 00316nam a2200121 a 4500
005 20140414131903.0
008 100922s19uu xx 00 eng d
050 _aFIC
_bK87 2000
100 _aKrensky, Stephen
245 _aBuster's new friend.
260 _aBoston :
_bLIttle, Brown and Co,
_c2000.
999 _c110796
_d110796